Modern Digital Control Systems
Saved in:
| Main Author: | |
|---|---|
| Format: | Book |
| Language: | English |
| Published: |
New York
Dekker
1995
|
| Edition: | 2. ed. |
| Subjects: | |
| Tags: |
No Tags, Be the first to tag this record!
|
MARC
| LEADER | 00000nam a2200000 4500 | ||
|---|---|---|---|
| 001 | c014281 | ||
| 005 | 20221214071413.0 | ||
| 020 | |a 0-8247-8914-8 | ||
| 041 | 0 | |a eng | |
| 044 | |a US | ||
| 245 | 1 | 0 | |a Modern Digital Control Systems |c Raymond G. Jacquot |
| 250 | |a 2. ed. | ||
| 264 | 1 | |a New York |b Dekker |c 1995 | |
| 300 | |a 408 s. | ||
| 610 | 2 | 0 | |a systémy informačné riadiace |
| 610 | 2 | 0 | |a systémy riadenia automatizované |
| 100 | 1 | |a Jacquot, Raymond G. | |